<?xml version="1.0" encoding="UTF-8"?><record xmlns="http://www.loc.gov/MARC21/slim" xmlns:zs="http://docs.oasis-open.org/ns/search-ws/sruResponse">
  <leader>02035cas a2200469 a 4500</leader>
  <controlfield tag="001">11365584</controlfield>
  <controlfield tag="005">20250606172114.8</controlfield>
  <controlfield tag="008">850603c18849999ec dr ne      0    0spa c</controlfield>
  <datafield ind1=" " ind2=" " tag="035">
    <subfield code="a">11365584</subfield>
  </datafield>
  <datafield ind1=" " ind2=" " tag="906">
    <subfield code="a">7</subfield>
    <subfield code="b">cbc</subfield>
    <subfield code="c">serials</subfield>
    <subfield code="d">u</subfield>
    <subfield code="e">ncip</subfield>
    <subfield code="f">19</subfield>
    <subfield code="g">n-oclcserc</subfield>
  </datafield>
  <datafield ind1=" " ind2=" " tag="955">
    <subfield code="a">LCAP batch update 2025-06-01-04:00: LCAPM-893</subfield>
  </datafield>
  <datafield ind1=" " ind2=" " tag="010">
    <subfield code="a">sn 90048160 </subfield>
  </datafield>
  <datafield ind1=" " ind2=" " tag="035">
    <subfield code="a">(OCoLC)12108838</subfield>
  </datafield>
  <datafield ind1=" " ind2=" " tag="040">
    <subfield code="a">CRL</subfield>
    <subfield code="b">eng</subfield>
    <subfield code="c">CRL</subfield>
    <subfield code="d">DLC</subfield>
    <subfield code="d">CRL</subfield>
    <subfield code="d">IXA</subfield>
    <subfield code="d">OCLCQ</subfield>
    <subfield code="d">OCLCF</subfield>
    <subfield code="d">OCLCO</subfield>
    <subfield code="d">OCLCQ</subfield>
    <subfield code="d">OCLCL</subfield>
  </datafield>
  <datafield ind1=" " ind2=" " tag="042">
    <subfield code="a">pcc</subfield>
  </datafield>
  <datafield ind1=" " ind2=" " tag="043">
    <subfield code="a">s-ec---</subfield>
  </datafield>
  <datafield ind1="0" ind2="0" tag="050">
    <subfield code="a">Newspaper</subfield>
  </datafield>
  <datafield ind1="0" ind2=" " tag="130">
    <subfield code="a">Telégrafo (Guayaquil, Ecuador)</subfield>
  </datafield>
  <datafield ind1="1" ind2="3" tag="245">
    <subfield code="a">El telégrafo.</subfield>
  </datafield>
  <datafield ind1=" " ind2=" " tag="260">
    <subfield code="a">Guayaquil :</subfield>
    <subfield code="b">[publisher not identified]</subfield>
  </datafield>
  <datafield ind1=" " ind2=" " tag="300">
    <subfield code="a">volumes :</subfield>
    <subfield code="b">illustrations ;</subfield>
    <subfield code="c">56 cm</subfield>
  </datafield>
  <datafield ind1=" " ind2=" " tag="310">
    <subfield code="a">Daily</subfield>
  </datafield>
  <datafield ind1=" " ind2=" " tag="336">
    <subfield code="a">text</subfield>
    <subfield code="b">txt</subfield>
    <subfield code="2">rdacontent</subfield>
  </datafield>
  <datafield ind1=" " ind2=" " tag="337">
    <subfield code="a">unmediated</subfield>
    <subfield code="b">n</subfield>
    <subfield code="2">rdamedia</subfield>
  </datafield>
  <datafield ind1=" " ind2=" " tag="338">
    <subfield code="a">volume</subfield>
    <subfield code="b">nc</subfield>
    <subfield code="2">rdacarrier</subfield>
  </datafield>
  <datafield ind1="1" ind2=" " tag="362">
    <subfield code="a">Began Feb. 16, 1884.</subfield>
  </datafield>
  <datafield ind1=" " ind2=" " tag="515">
    <subfield code="a">Suspended: July 3, 1886-Oct. 13 1896; July 16-16, 1902; Nov. 8, 1902-June 30, 1903; Sept. 17, 1906-1908.</subfield>
  </datafield>
  <datafield ind1=" " ind2=" " tag="530">
    <subfield code="a">Recent issues also available on the Internet.</subfield>
  </datafield>
  <datafield ind1=" " ind2=" " tag="530">
    <subfield code="a">Also issued on microfilm from the Library of Congress, Photoduplication Service and The Center for Research Libraries.</subfield>
  </datafield>
  <datafield ind1=" " ind2=" " tag="588">
    <subfield code="a">Description based on: No. 12266 (1 de enero de 1920).</subfield>
  </datafield>
  <datafield ind1=" " ind2=" " tag="588">
    <subfield code="a">Latest issue consulted: Año 55, no. 19,095 (5 de abr. de 1938).</subfield>
  </datafield>
  <datafield ind1=" " ind2="0" tag="651">
    <subfield code="a">Guayaquil (Ecuador)</subfield>
    <subfield code="v">Newspapers.</subfield>
  </datafield>
  <datafield ind1=" " ind2="0" tag="651">
    <subfield code="a">Ecuador</subfield>
    <subfield code="v">Newspapers.</subfield>
  </datafield>
  <datafield ind1=" " ind2="7" tag="651">
    <subfield code="a">Ecuador.</subfield>
    <subfield code="2">fast</subfield>
    <subfield code="0">(OCoLC)fst01205578</subfield>
    <subfield code="1">https://id.oclc.org/worldcat/entity/E39PBJvMwWbcyYrgrXmg3f7fv3</subfield>
  </datafield>
  <datafield ind1=" " ind2="7" tag="651">
    <subfield code="a">Ecuador</subfield>
    <subfield code="z">Guayaquil.</subfield>
    <subfield code="2">fast</subfield>
    <subfield code="0">(OCoLC)fst01205551</subfield>
    <subfield code="1">https://id.oclc.org/worldcat/entity/E39PBJgMFXhyY8JF7WFYGkcByd</subfield>
  </datafield>
  <datafield ind1=" " ind2="7" tag="655">
    <subfield code="a">Newspapers.</subfield>
    <subfield code="2">fast</subfield>
    <subfield code="0">(OCoLC)fst01423814</subfield>
  </datafield>
  <datafield ind1=" " ind2="7" tag="655">
    <subfield code="a">Newspapers.</subfield>
    <subfield code="2">lcgft</subfield>
    <subfield code="0">https://id.loc.gov/authorities/genreForms/gf2014026132</subfield>
  </datafield>
  <datafield ind1=" " ind2=" " tag="752">
    <subfield code="a">Ecuador</subfield>
    <subfield code="d">Guayaquil.</subfield>
  </datafield>
  <datafield ind1="1" ind2=" " tag="776">
    <subfield code="c">Microfilm</subfield>
    <subfield code="d">Center for Research Libraries</subfield>
    <subfield code="w">(DLC)sn 95046653</subfield>
    <subfield code="w">(OCoLC)33006262</subfield>
  </datafield>
  <datafield ind1="4" ind2="1" tag="859">
    <subfield code="u">http://www.telegrafo.com.ec/</subfield>
  </datafield>
  <datafield ind1=" " ind2=" " tag="985">
    <subfield code="e">eserial 200406</subfield>
  </datafield>
  <datafield ind1=" " ind2=" " tag="991">
    <subfield code="b">c-Ser</subfield>
    <subfield code="h">Newspaper</subfield>
    <subfield code="w">SERIALS</subfield>
  </datafield>
</record>
